Staré hračky a jejich příběhy /

Hlavní autor: Kollárová, Milada, 1947-
Jazyk: Čeština
Vydáno: V Brně : CERM, 2020
Vydání: Vydání: první
Témata:
Fyzický popis: 256 stran : ilustrace (převážně barevné), faksimile ; 31 cm
Knihy
Uloženo v:
LEADER 02555nam a2200697 i 4500
001 nkc20213312523
003 CZ PrNK
005 20210701090753.0
007 ta
008 210316s2020 xr ah e 001 0acze
015 |a cnb003312523 
020 |a 978-80-7623-047-7  |q (vázáno) 
035 |a (OCoLC)1260122875 
040 |a BOA001  |b cze  |e rda 
043 |a e-xr--- 
045 |a x-y- 
072 7 |a 688  |x Dekorační předměty. Hračky. Galanterie  |2 Konspekt  |9 19 
072 7 |a 929  |x Biografie  |2 Konspekt  |9 8 
080 |a 379.824-055.2  |2 MRF 
080 |a 688.7  |2 MRF 
080 |a 069.5-027.551  |2 MRF 
080 |a 929  |2 MRF 
080 |a (437.3)  |2 MRF 
080 |a (0:82-94)  |2 MRF 
080 |a (048.8)  |2 MRF 
080 |a (084.12)  |2 MRF 
100 1 |a Kollárová, Milada,  |d 1947-  |7 jn20000710249  |4 aut 
245 1 0 |a Staré hračky a jejich příběhy /  |c Milada Kollárová 
250 |a Vydání: první 
264 1 |a V Brně :  |b CERM,  |c 2020 
300 |a 256 stran :  |b ilustrace (převážně barevné), faksimile ;  |c 31 cm 
336 |a text  |b txt  |2 rdacontent 
336 |a statický obraz  |b sti  |2 rdacontent 
337 |a bez média  |b n  |2 rdamedia 
338 |a svazek  |b nc  |2 rdacarrier 
504 |a Obsahuje bibliografii a rejstříky 
600 1 7 |a Kollárová, Milada,  |d 1947-  |7 jn20000710249  |2 czenas 
648 7 |a 20.-21. století  |7 ch462155  |2 czenas 
650 0 7 |a sběratelky  |7 ph684874  |z Česko  |y 20.-21. století  |2 czenas 
650 0 7 |a hračky  |7 ph114712  |2 czenas 
650 0 7 |a hračky  |7 ph114712  |x dějiny  |2 czenas 
650 0 7 |a výroba hraček  |7 ph270799  |x dějiny  |2 czenas 
650 0 7 |a soukromé sbírky  |7 ph135214  |z Česko  |2 czenas 
650 0 9 |a women collectors  |z Czechia  |y 20th-21st centuries  |2 eczenas 
650 0 9 |a toys  |2 eczenas 
650 0 9 |a toys  |x history  |2 eczenas 
650 0 9 |a toy manufacture  |x history  |2 eczenas 
650 0 9 |a private collections  |z Czechia  |2 eczenas 
655 7 |a autobiografické vzpomínky  |7 fd131854  |2 czenas 
655 7 |a přehledy  |7 fd133202  |2 czenas 
655 7 |a fotografické publikace  |7 fd132276  |2 czenas 
655 9 |a autobiographical reminiscences  |2 eczenas 
655 9 |a surveys  |2 eczenas 
655 9 |a photographical works  |2 eczenas 
910 2 |a BOA001  |b 4-1463.636 
928 9 |a Akademické nakladatelství CERM 
990 |a BK 
995 |a 01 
991 |b 202105  |c NOV 
996 6 |b 2610861810  |c 4-1463.636  |l MZK  |r Sklad / do 1 hodiny  |n 0  |p p.v.  |w 001847706  |u 000010  |a 1  |e BOA001  |j MZK50  |s P 
996 7 |b 2610861811  |c 4-1463.636  |l MZK  |r Sklad / do 1 hodiny  |n 3  |p p.v.  |w 001847706  |u 000020  |a 1  |e BOA001  |j MZK50  |s A